| 000 | 00894nab a2200265 u 4500 | ||
|---|---|---|---|
| 001 | 19782 | ||
| 003 | HDC | ||
| 007 | cr bn ---aaaaa | ||
| 008 | 210302c20120929xx dr|noo 0 a eng d | ||
| 040 | _aHDC | ||
| 100 |
_aSambidge, Andy _eauthor _911141 |
||
| 245 | 0 |
_aSaudi Halal food firm expands production in Dubai / by _cAndy Sambidge |
|
| 260 |
_a[No place] : _b[publisher not identified], _c2012 |
||
| 300 | _a1 online resource | ||
| 336 |
_atext _2rdacontent |
||
| 337 |
_acomputer _2rdamedia |
||
| 338 |
_aonline resource _2rdacarrier |
||
| 650 |
_afood production _93722 |
||
| 650 |
_aHalal food _zSaudi Arabia _918077 |
||
| 710 | _aHalal Focus | ||
| 856 | _zRequest full-text at [email protected] | ||
| 942 | _2lcc | ||
| 942 | _cNEWS | ||
| 942 | _kNWSO 006254 | ||
| 999 |
_c17098 _d17098 |
||